| 000 | 00710nam a22001577a 4500 | ||
|---|---|---|---|
| 003 | OSt | ||
| 005 | 20151211151923.0 | ||
| 008 | 151211b xxu||||| |||| 00| 0 eng d | ||
| 040 | _cRUA | ||
| 082 | _2ATM.s HIN 2004 B200 Or.1 | ||
| 100 |
_94719 _aHING, KOSAL. |
||
| 245 | _aStudy on level using of rice bran in feed con centrate on the growth rate of piglet after weaner, សិក្សាលើកំរិតនៃការប្រើប្រាស់កន្ទក់ក្នុងចំណីផ្សំភៅលើការលូតលាស់របស់កូនជ្រូកផ្ដាច់ដោះ | ||
| 260 |
_aPhnom Penh _bRUA _c2004 |
||
| 300 |
_ax; 40p. _bill. _c29cm. |
||
| 942 |
_2ddc _cATMSP |
||
| 999 |
_c4398 _d4398 |
||